000 00677nam a2200253 i 4500
001 C2-0143099
003 PPAK
005 20180727125852.0
008 980111s1993 enka|||| ||||| | eng d
020 _a0751360309
040 _aPPAK
_beng
_cPPAK
_erda
082 0 4 _a032.02
_223
090 0 0 _a032.02
_bGRE
_dR
100 1 _aGreenaway, Theresa,
_eauthor
245 1 0 _aDesert
264 1 _aLondon :
_bDorling Kindersley ,
_c1993
300 _a64 pages :
_bcolour illustrations ;
_c23 cm
336 _2rdacontent
_atext
337 _2rdamedia
_aunmediated
338 _2rdacarrier
_avolume
490 1 _aEyewitness guides
830 0 _aEyewitness guides
942 _ddc
_cB
999 _c44922
_d44922